BIBLIOTECA PODER JUDICIAL
Portal Judicial TDF

El dominio y jurisdicción de las provincias con litoral marítimo en materia de pesca : (Registro nro. 6105)

000 -LEADER
fixed length control field 01523nabaa22001937a 4500
003 - CONTROL NUMBER IDENTIFIER
control field OSt
005 - DATE AND TIME OF LATEST TRANSACTION
control field 20260122085454.0
008 - FIXED-LENGTH DATA ELEMENTS--GENERAL INFORMATION
fixed length control field 190701b xxu||||| |||| 00| 0 spa d
040 ## - CATALOGING SOURCE
Transcribing agency PJ
100 ## - MAIN ENTRY--PERSONAL NAME
9 (RLIN) 6873
Personal name Rivera, Fernando Manuel
245 13 - TITLE STATEMENT
Title El dominio y jurisdicción de las provincias con litoral marítimo en materia de pesca :
Remainder of title antecedentes de las provincias con litoral marítimo /
Statement of responsibility, etc Fernando Manuel Rivera.
300 ## - PHYSICAL DESCRIPTION
Extent p. 71-100
505 ## - FORMATTED CONTENTS NOTE
Formatted contents note Sumario: I. La provincia de Buenos Aires.— II. La creación de las provincias patagónicas.— III. La determinación de límites en las constituciones de las provincias con litoral marítimo.— IV. Los límites provinciales en la jurisprudencia de la Corte Suprema.— V. La competencia en las causas de almirantazgo y jurisdicción marítima.— VI. La evolución de los derechos de los estados sobre el mar y la evolución de la legislación pesquera argentina.— VII. El art. 124 de la Constitución argentina de 1994.— VIII. La federalización de los hidrocarburos.— IX. Primacía del derecho federal.— X. La Convención de Derechos del Mar.— XI. La jurisprudencia de la Corte Suprema sobre los recursos pesqueros.<br/><br/>
505 ## - FORMATTED CONTENTS NOTE
Title ¿Te interesa el texto completo? Comunicate al correo: koha@justierradelfuego.gov.ar<br/>
650 #0 - SUBJECT ADDED ENTRY--TOPICAL TERM
9 (RLIN) 211
Topical term or geographic name as entry element DERECHO ADMINISTRATIVO
650 #0 - SUBJECT ADDED ENTRY--TOPICAL TERM
9 (RLIN) 6874
Topical term or geographic name as entry element DERECHO DEL MAR
773 0# - HOST ITEM ENTRY
Host Biblionumber 2842
Host Itemnumber 3251
Place, publisher, and date of publication Buenos Aires : AbeledoPerrot, 2012-
Other item identifier DA121
Title Derecho administrativo. Nº 145 enero/febrero 2023
International Standard Book Number 18510590
942 ## - ADDED ENTRY ELEMENTS (KOHA)
Source of classification or shelving scheme
Koha item type Analítica Artículo de Revista

No hay ítems disponibles.

12 de Octubre 789 Ushuaia - Tel:  54(02901)441571
Horario de Atención: 8.00 a 17.00 hs. 
bibliotecaush@justierradelfuego.gov.ar
koha@justierradelfuego.gov.ar
Seguinos en nuestras redes @bibliojustdf 

Con tecnología Koha